LEADER 02103nam0 22005053i 450 001 VAN00278749 005 20240902015836.663 017 70$2N$a9783031205491 100 $a20240627d2023 |0itac50 ba 101 $aeng 102 $aCH 105 $a|||| ||||| 200 1 $aCalculus and Linear Algebra$eFundamentals and Applications$fAldo G. S. Ventre 210 $aCham$cSpringer$d2023 215 $axix, 531 p.$cill.$d24 cm 500 1$3VAN00278750$aMatematica : Fondamenti e calcolo$94168122 606 $a15-XX$xLinear and multilinear algebra; matrix theory [MSC 2020]$3VANC020607$2MF 606 $a26-XX$xReal functions [MSC 2020]$3VANC019778$2MF 610 $aBounded Functions$9KW:K 610 $aComplex numbers$9KW:K 610 $aComposite Functions$9KW:K 610 $aConstrained extremes$9KW:K 610 $aContinuity and Derivability$9KW:K 610 $aFoundations of Calculus and Geometry$9KW:K 610 $aFunction of Several Variables$9KW:K 610 $aLinear Functions$9KW:K 610 $aMonotonic functionS$9KW:K 610 $aNotion of Algorithm$9KW:K 610 $aNumeric and geometric vectors$9KW:K 610 $aRiemann Integral$9KW:K 610 $aScalar Products$9KW:K 610 $aSecond Order Partial Derivatives$9KW:K 610 $aSystems of Linear Equations$9KW:K 620 $aCH$dCham$3VANL001889 700 1$aVentre$bAldo G. S.$3VANV074214$035718 712 $aSpringer $3VANV108073$4650 790 1$aVentre, Aldo G.S.$zVentre, Aldo G. S.$3VANV239190 801 $aIT$bSOL$c20250124$gRICA 856 4 $uhttps://doi.org/10.1007/978-3-031-20549-1$zE-book ? Accesso al full-text attraverso riconoscimento IP di Ateneo, proxy e/o Shibboleth 899 $aBIBLIOTECA DEL DIPARTIMENTO DI MATEMATICA E FISICA$1IT-CE0120$2VAN08 912 $fN 912 $aVAN00278749 950 $aBIBLIOTECA DEL DIPARTIMENTO DI MATEMATICA E FISICA$d08DLOAD e-Book 9140 $e08eMF9140 20240702 996 $aMatematica : Fondamenti e calcolo$94168122 997 $aUNICAMPANIA LEADER 02054nam0 22005053i 450 001 VAN00226449 005 20250127041758.586 017 70$2N$a9783030390884 100 $a20211014d2020 |0itac50 ba 101 $aeng 102 $aCH 105 $a|||| ||||| 181 $ai$b e 182 $ab 183 $acr 200 1 $aElectronics for Physicists$ean Introduction$fBryan H. Suits 210 $aCham$cSpringer$d2020 215 $axiii, 331 p.$cill.$d24 cm 410 1$1001VAN00117860$12001 $aUndergraduate lecture notes in physics$1210 $aBerlin [etc.]$cSpringer$d2011- 500 1$3VAN00226467$aElectronics for Physicists : an Introduction$91879485 606 $a00A79 (77-XX)$xPhysics [MSC 2020]$3VANC023182$2MF 606 $a86-XX$xGeophysics [MSC 2020]$3VANC023269$2MF 606 $a92Exx$xChemistry [MSC 2020]$3VANC025596$2MF 610 $aBasic electronics$9KW:K 610 $aCapacitors and inductors$9KW:K 610 $aCircuit for measuring inductors$9KW:K 610 $aElectronic circuits$9KW:K 610 $aElectronics$9KW:K 610 $aInductive position sensors$9KW:K 610 $aIntroductory electronics$9KW:K 610 $aLinear device$9KW:K 610 $aScientific measurement$9KW:K 610 $aSemiconductor Diode$9KW:K 610 $aThevenin and Norton equivalents$9KW:K 620 $aCH$dCham$3VANL001889 700 1$aSuits$bBryan H.$3VANV190203$0842088 712 $aSpringer $3VANV108073$4650 801 $aIT$bSOL$c20250606$gRICA 856 4 $uhttp://doi.org/10.1007/978-3-030-39088-4$zE-book ? Accesso al full-text attraverso riconoscimento IP di Ateneo, proxy e/o Shibboleth 899 $aBIBLIOTECA DEL DIPARTIMENTO DI MATEMATICA E FISICA$1IT-CE0120$2VAN08 912 $fN 912 $aVAN00226449 950 $aBIBLIOTECA DEL DIPARTIMENTO DI MATEMATICA E FISICA$d08DLOAD e-book 4215 $e08eMF4215 20211014 996 $aElectronics for Physicists : an Introduction$91879485 997 $aUNICAMPANIA LEADER 02083nam0 2200433 i 450 001 VAN00053352 005 20260408105551.189 010 $a05-8223-435-2 100 $a20060926r1993 |0itac50 ba 101 $aeng 102 $aGB 105 $a|||| ||||| 181 $ai$b e 182 $an 183 $anc 200 1 $aMultigrid methods$fJames H. Bramble 205 $aRepr. with corrections 210 $aHarlow$cLongman scientific & technical$d1993 215 $a161 p.$d25 cm 410 1$1001VAN00036226$12001 $aPitman research notes in mathematics series$1210 $aHarlow$cLongman$v294 606 $a35J25$xBoundary value problems for second-order elliptic equations [MSC 2020]$3VANC019840$2MF 606 $a65-XX$xNumerical analysis [MSC 2020]$3VANC019772$2MF 606 $a65F10$xIterative numerical methods for linear systems [MSC 2020]$3VANC022160$2MF 606 $a65N30$xFinite elements, Rayleigh-Ritz and Galerkin methods, finite methods for boundary value problems involving PDEs [MSC 2020]$3VANC021532$2MF 606 $a65N38$xBoundary element methods for boundary value problems involving PDEs [MSC 2020]$3VANC029156$2MF 606 $a65N55$xMultigrid methods; domain decomposition for boundary value problems involving PDEs [MSC 2020]$3VANC023063$2MF 620 $aGB$dHarlow$3VANL000090 700 1$aBramble$bJames H.$3VANV036257$060323 712 $aLongman $3VANV108219$4650 790 1$aBramble, James Henry$zBramble, James H.$3VANV262031 790 1$aBramble, J. H.$zBramble, James H.$3VANV262032 790 1$aBramble, J.H.$zBramble, James H.$3VANV262033 801 $aIT$bSOL$c20260410$gRICA 856 4 $u/sebina/repository/catalogazione/documenti/ID 53352.pdf$zID 53352.pdf 899 $aBIBLIOTECA DEL DIPARTIMENTO DI MATEMATICA E FISICA$1IT-CE0120$2VAN08 912 $aVAN00053352 950 $aBIBLIOTECA DEL DIPARTIMENTO DI MATEMATICA E FISICA$d08PREST 65-XX 0535 $e08 5010 I 20060926 996 $aMULTIGRID methods$9376325 997 $aUNICAMPANIA